000 00305 a2200157 4500
001 175454
020 _a
040 _cMagnum
100 _aLago, Samuel Ramos
240 1 0 _aCiências 2
_lpor
245 1 0 _aCiências 2
300 _a288
362 0 _a2001
697 _aCIÊNCIAS PURAS
942 _cBK
999 _c175454
_d175454